From Goldsmith To Landor (Record no. 1210568)

MARC details
000 -LEADER
fixed length control field 00491nam a2200193Ia 4500
008 - FIXED-LENGTH DATA ELEMENTS--GENERAL INFORMATION
fixed length control field 151121s9999||||xx |||||||||||||| ||und||
082 ## - DEWEY DECIMAL CLASSIFICATION NUMBER
Classification number 900-/COL
082 ## - DEWEY DECIMAL CLASSIFICATION NUMBER
Item number HNW-1418
100 ## - MAIN ENTRY--PERSONAL NAME
Personal name Collins V।H।
245 ## - TITLE STATEMENT
Title From Goldsmith To Landor
260 ## - PUBLICATION, DISTRIBUTION, ETC. (IMPRINT)
Name of publisher, distributor, etc "Oxford Uni Press, London।"
260 ## - PUBLICATION, DISTRIBUTION, ETC. (IMPRINT)
Date of publication, distribution, etc --
300 ## - PHYSICAL DESCRIPTION
Extent 158
600 ## - SUBJECT ADDED ENTRY--PERSONAL NAME
Personal name Collins V।H।
630 ## - SUBJECT ADDED ENTRY--UNIFORM TITLE
Uniform title From Goldsmith To Landor
700 ## - ADDED ENTRY--PERSONAL NAME
Personal name Collins V।H।
730 ## - ADDED ENTRY--UNIFORM TITLE
Uniform title From Goldsmith To Landor
942 ## - ADDED ENTRY ELEMENTS (KOHA)
Koha item type Book
Holdings
Withdrawn status Lost status Damaged status Not for loan Home library Current library Date acquired Cost, normal purchase price Total Checkouts Full call number Barcode Date last seen Cost, replacement price Price effective from Koha item type
        Hirachand Nemchand Wachanalaya, Solapur Hirachand Nemchand Wachanalaya, Solapur 11/21/2015 160.00   HNW-1418 HNW-1418 11/21/2015 160.00 11/21/2015 Book